Score 0/50 Timer 07:00
0 Plays Today
Rank Capital % Correct
3Phoenix, Arizona
90.9%
2Boston, Massachusetts
90.7%
1Atlanta, Georgia
87.8%
5Denver, Colorado
80.9%
6Sacramento, California
80.4%
9Austin, Texas
79.4%
8Indianapolis, Indiana
76.8%
7Columbus, Ohio
75.6%
4St. Paul, Minnesota
72%
11Nashville, Tennessee
70.6%
12Oklahoma City, Oklahoma
67.2%
15Raleigh, North Carolina
65.3%
10Providence, Rhode Island
65.1%
13Richmond, Virginia
60.5%
16Salt Lake City, Utah
60.5%
17Honolulu, Hawaii
60.3%
14Hartford, Connecticut
57.9%
50Montpelier, Vermont
57.2%
49Pierre, South Dakota
54.8%
48Juneau, Alaska
53.1%
20Albany, New York
52.2%
21Baton Rouge, Louisiana
51%
18Columbia, South Carolina
50.7%
19Little Rock, Arkansas
49.8%
25Madison, Wisconsin
47.1%
Rank Capital % Correct
26Jackson, Mississippi
46.7%
23Boise, Idaho
45.5%
22Harrisburg, Pennsylvania
44.3%
29Montgomery, Alabama
43.3%
24Des Moines, Iowa
42.8%
40Augusta, Maine
42.8%
27Lansing, Michigan
42.6%
30Tallahassee, Florida
42.6%
28Salem, Oregon
41.9%
44Frankfort, Kentucky
41.6%
41Bismarck, North Dakota
41.4%
46Concord, New Hampshire
41.1%
38Dover, Delaware
40.7%
33Lincoln, Nebraska
39.5%
42Cheyenne, Wyoming
39.5%
43Helena, Montana
39.2%
31Trenton, New Jersey
39%
45Carson City, Nevada
39%
47Annapolis, Maryland
38.5%
32Charleston, West Virginia
37.1%
34Olympia, Washington
35.4%
39Jefferson City, Missouri
34.7%
37Santa Fe, New Mexico
34.4%
35Topeka, Kansas
34.2%
36Springfield, Illinois
34%
Come Together.
Have Fun.
All Virtual.
We all need to come together. Play Sporcle's virtual live trivia to have fun, connect with people, and get your trivia on. Join a live hosted trivia game for your favorite pub trivia experience done virtually. If a virtual private party is more your thing, go here for details.

You're not logged in!

Compare scores with friends on all Sporcle quizzes.
OR
Log In

Sporcle TV

Today on Sporcle TV


Watch our educational content, quiz creation guides, and fun videos on Sporcle TV.

Show Comments

Extras

Top Quizzes Today


Score Distribution

Paid Content

Your Account Isn't Verified!

In order to create a playlist on Sporcle, you need to verify the email address you used during registration. Go to your Sporcle Settings to finish the process.

Report this User

Report this user for behavior that violates our Community Guidelines.

Details: